00374nam a2200145Ia 4500008004100000020001700041041000800058082001500066100002100081245005600102260002500158300000800183365001600191700002100207230718s9999 xx 000 0 und d a978067093595 aeng a158.1bSIN aSingh R.(Editor) aDaily Inspirations From His Holiness The Dalai Lama c1998bPenguin Viking a415 cRs.b399.00 aSingh R.(Editor)